Rozvoj a integrácia platobných systémov v podmienkach Slovenskej republiky v súvislosti so vstupom do Eurozóny dizertačná práca

Uložené v:
Podrobná bibliografia
Hlavný autor: Kolenčík, Pavol
Korporativný autor: Národohospodárska fakulta EU. Katedra bankovníctva a medzinárodných financií
Ďalší autori: Jankovská, Anežka
Médium: Kniha
Jazyk:Slovak
Vydavateľské údaje: Bratislava 2009
Predmet:
Tagy: Pridať tag
Žiadne tagy, Buďte prvý, kto otaguje tento záznam!

MARC

LEADER 00000nam$a2200000$$$4500
001 0104413
005 20240109072340.4
041 0 |a slo 
044 |a SK 
245 1 0 |a Rozvoj a integrácia platobných systémov v podmienkach Slovenskej republiky v súvislosti so vstupom do Eurozóny  |b dizertačná práca  |c Pavol Kolenčík ; škol. Anežka Jankovská 
264 1 |a Bratislava  |c 2009 
300 |a 160 s. 
610 2 0 |a systémy platobné 
610 2 0 |a modely 
610 2 0 |a banky 
610 2 0 |a riziko 
610 2 0 |a riziko bankové 
610 2 0 |a Slovensko 
610 2 0 |a Európska únia 
100 1 |a Kolenčík, Pavol 
700 1 |a Jankovská, Anežka 
710 2 |a Národohospodárska fakulta EU. Katedra bankovníctva a medzinárodných financií